Valora nuestros humedales : (Registro nro. 8898)

Detalles MARC
000 -CABECERA
Campo de control 00743nam a22002177a 4500
005 - FECHA Y HORA DE LA ULTIMA TRANSACCION
Campo de control 20180803165620.0
008 - ELEMENTOS DE LONGITUD FIJA—INFORMACION GENERAL
Campo de control 141217b2013 ck Il. |r|||| 00| 0 spa d
040 ## - FUENTE DE CATALOGACIÓN
Agencia transcriptora CO-BoIH
041 ## - IDIOMA
Código de idioma para texto/pista de sonido o título separado Español
044 ## - PAÍS DE PUBLICACIÓN
País de publicación Colombia
090 ## - CLASIFICACIÓN LOCAL
Colección EA
Consecutivo 00213
245 ## - MENCION DE TITULO
Título Valora nuestros humedales :
Parte restante del título Laguna Salá, Jagüey Bocagrande, Jagüey La Esperanza, Jagüey Mano de Dios
260 ## - PUBLICACION, DISTRIBUCION, ETC. (PIE DE IMPRENTA)
Lugar de publicación, distribución, etc. Riohacha :
Nombre del editor, distribuidor, etc. CORPOGUAJIRA,
-- Alcaldía Mayor de Riohacha,
-- CORPODER,
Fecha de publicación, distribución, etc. 2013
300 ## - DESCRIPCION FISICA
Extensión 24 pag
Otros detalles físicos Fot (col)., il.
Dimensiones 16 cm.
650 #6 - ASIENTO SECUNDARIO DE MATERIA - TERMINO TEMATICO
Término temático o nombre geográfico como elemento de entrada Humedales.
650 #6 - ASIENTO SECUNDARIO DE MATERIA - TERMINO TEMATICO
Término temático o nombre geográfico como elemento de entrada Conservación de humedales
650 #6 - ASIENTO SECUNDARIO DE MATERIA - TERMINO TEMATICO
Término temático o nombre geográfico como elemento de entrada Recursos acuáticos
650 ## - ASIENTO SECUNDARIO DE MATERIA - TERMINO TEMATICO
Término temático o nombre geográfico como elemento de entrada Diversidad biológica
650 ## - ASIENTO SECUNDARIO DE MATERIA - TERMINO TEMATICO
Término temático o nombre geográfico como elemento de entrada Conservación de los recursos naturales
942 ## - ELEMENTOS ADICIONALES (KOHA)
Sistema de clasificación Local
Tipo de ítem Libro
Existencias
Withdrawn status Lost status Sistema de Clasificación Damaged status No para préstamo Colección Inventariado Ubicación Permanente Ubicación actual Fecha de adquisición Total Checkouts Número topográfico Inventario / Código de Barras Date last seen Ejemplar Price effective from Forma de adquisición Tipo de material
    Local     Educación Ambiental   Bogotá Bogotá 26/12/2016   EA-00213 040903 26/12/2016 Ej. 2 26/12/2016 Donación Folleto
    Local     Educación Ambiental Inventariado 2017 Sala Fabio Quevedo Sala Fabio Quevedo 17/12/2014   EA-00213 035022 17/12/2014 Ej. 1 17/12/2014 Donación Folleto